«Անցեալի յուշեր» / (Record no. 529356)
[ view plain ]
| 000 -LEADER | |
|---|---|
| fixed length control field | 01621nam a2200289 a 4500 |
| 001 - CONTROL NUMBER | |
| control field | 1928625 |
| 003 - CONTROL NUMBER IDENTIFIER | |
| control field | AM-YEHGA |
| 005 - DATE AND TIME OF LATEST TRANSACTION | |
| control field | 20250617164758.0 |
| 008 - FIXED-LENGTH DATA ELEMENTS--GENERAL INFORMATION | |
| fixed length control field | 231102s2023 ai o||||||||||||||0|arm|d |
| 020 ## - INTERNATIONAL STANDARD BOOK NUMBER | |
| International Standard Book Number | 9789939968070 |
| 040 ## - CATALOGING SOURCE | |
| Original cataloging agency | AM-YeHGA |
| 041 0# - LANGUAGE CODE | |
| Language code of text/sound track or separate title | arm |
| 090 ## - LOCALLY ASSIGNED LC-TYPE CALL NUMBER (OCLC); LOCAL CALL NUMBER (RLIN) | |
| -- | 567755 |
| 100 1# - MAIN ENTRY--PERSONAL NAME | |
| Personal name | Եօլեան, Զաքար, |
| Dates associated with a name | 1882-1970 |
| 245 12 - TITLE STATEMENT | |
| Title | «Անցեալի յուշեր» / |
| Statement of responsibility, etc. | Զ. Եօլեան ; Կազմ.՝ Ա. Ազիզեան, Ա. Սիմոնեան ; Առաջաբ.՝ Ա. Սիմոնեան. |
| 260 ## - PUBLICATION, DISTRIBUTION, ETC. | |
| Place of publication, distribution, etc. | Երևան : |
| Name of publisher, distributor, etc. | Լուսակն, |
| Date of publication, distribution, etc. | 2023. |
| 300 ## - PHYSICAL DESCRIPTION | |
| Extent | 611 էջ ։ |
| Other physical details | լուսանկ․ ; |
| Dimensions | 23 սմ. |
| 440 #0 - SERIES STATEMENT/ADDED ENTRY--TITLE | |
| Title | «Սյունիք-Վայոց Ձորի հոգևոր և պատմամշակութային ժառանգություն» մատենաշար ; |
| Volume/sequential designation | Գիրք 11 |
| 500 ## - GENERAL NOTE | |
| General note | Այս գիրքը հրատարակւում է մեկենասութեամբ Էլսիկ և Աղասի Ազիզեանների ի յիշատակ իրենց տատիկի և պապիկի՝ ցեղասպանութիւնը վերապրած Զարուհի (1910,Վան- Այգեստան -1985 Թեհրան) և Խորէն (1891 Սեբաստիա-1954 Թեհրան) Սէֆէրեանների։ |
| 504 ## - BIBLIOGRAPHY, ETC. NOTE | |
| Bibliography, etc. note | Տողատակում՝ մատենագիտական ծանոթագրություններ։ |
| 504 ## - BIBLIOGRAPHY, ETC. NOTE | |
| Bibliography, etc. note | Անձնանուններ՝ էջ 594-599։ |
| 504 ## - BIBLIOGRAPHY, ETC. NOTE | |
| Bibliography, etc. note | Տեղանուններ՝ էջ 600-606։ |
| 650 14 - SUBJECT ADDED ENTRY--TOPICAL TERM | |
| Topical term or geographic name entry element | Հայ յեղափոխական դաշնակցութիւն |
| 700 1# - ADDED ENTRY--PERSONAL NAME | |
| Personal name | Ազիզեան, Աղասի |
| Relator term | կազմ. |
| Relationship | com |
| 700 1# - ADDED ENTRY--PERSONAL NAME | |
| Personal name | Սիմոնեան, Աշոտ |
| Relator term | առաջաբ. |
| Relationship | aui |
| Relator term | կազմ. |
| Relationship | com |
| 942 ## - ADDED ENTRY ELEMENTS (KOHA) | |
| Source of classification or shelving scheme | Universal Decimal Classification |
| Koha item type | Գրքեր / Books |
| Withdrawn status | Lost status | Source of classification or shelving scheme | Damaged status | Not for loan | Collection | Home library | Current library | Date acquired | Total checkouts | Full call number | Barcode | Date last seen | Price effective from | Koha item type | Public note |
|---|---|---|---|---|---|---|---|---|---|---|---|---|---|---|---|
| Universal Decimal Classification | General | Fundamental Scientific Library | Fundamental Scientific Library | 22/01/2024 | AII/111286 | FL0681849 | 22/01/2024 | 22/01/2024 | Գրքեր / Books | 30 Days Loan |
ՀՀ Գիտությունների ազգային ակադեմիայի հիմնարար գիտական գրադարան = Fundamental Scientific Library of NAS RA
All site content, except where otherwise noted, is licensed under a